Missing Word: Anagrams Quiz Stats

 Plays Quiz Updated Apr 24, 2018

Challenge
Share
Tweet
Embed
Score 0/15 Timer 06:00
0 Plays Today
Anagram % Correct
the eyes = they ___see
95%
eleven plus two = ______ plus onetwelve
72.2%
debit card = ___ creditbad
69.5%
astronomer = ____ starermoon
67.9%
dormitory = _____ roomdirty
59.5%
Clint Eastwood = Old ____ actionWest
50.7%
the Morse code = here come ____dots
48.3%
desperation = a ____ ends itrope
40.4%
Anagram % Correct
flamethrower = oh, felt ______warmer
37.6%
William Howard Taft = a word with all: I'm ___fat
35.4%
the piano bench = beneath ______Chopin
26.7%
a domesticated animal = docile, as a man _____ ittamed
23.7%
television programming = permeating living _____rooms
19.4%
a rolling stone gathers no moss = stroller on go amasses _______nothing
13.2%
The United States Bureau of Fisheries = I raise the ____ to feed us in the futurebass
9.5%

Today's Daily Dose

Missing Word
Top 10 Artists

Word Ladder
'70s Song II

On This Day
October 20th II

You're not logged in!

Compare scores with friends on all Sporcle quizzes.
Join for Free
OR
Log In

You Might Also Like...

Show Comments

Extras

Top Quizzes Today


Score Distribution

Your Account Isn't Verified!

In order to create a playlist on Sporcle, you need to verify the email address you used during registration. Go to your Sporcle Settings to finish the process.

Report this User

Report this user for behavior that violates our Community Guidelines.

Details: